[Event "Damen Bundesliga 2013"]
[Site "21.24.3.13 St.Veit/G., 19.-21.4.13 Fuerstenfeld"]
[Date "2013.04.21"]
[Round "7"]
[Board "1"]
[White "Krassnitzer, Maria"]
[Black "Nagy, Laura"]
[Result "1/2-1/2"]
[WhiteElo "1598"]
[BlackElo "1989"]
[PlyCount "59"]
[EventDate "2013.03.21"]
[EventType "team"]
[EventRounds "7"]
[EventCountry "AUT"]
[WhiteTeam "SV ASVOE St. Veit/Glan"]
[BlackTeam "Spg Steyr"]

1. d4 Nf6 2. Bf4 d5 3. e3 e6 4. Nf3 Bd6 5. Bg3 c5 6. c3 Nc6 7. Nbd2 O-O 8. Bd3
Re8 9. O-O Bxg3 10. hxg3 e5 11. dxe5 Nxe5 12. Nxe5 Rxe5 13. e4 dxe4 14. Nxe4
Rd5 15. Nxf6+ gxf6 16. Re1 Be6 17. Rxe6 fxe6 18. Qg4+ Kh8 19. Bc4 f5 20. Qf4
Rd1+ 21. Rxd1 Qxd1+ 22. Kh2 Qe1 23. Qh6 Re8 24. Qf6+ Kg8 25. Qg5+ Kf7 26. Qxf5+
Kg7 27. Qg5+ Kf7 28. Qf5+ Kg7 29. Qg5+ Kf7 30. Qf5+ 1/2-1/2

[Event "Damen Bundesliga 2013"]
[Site "21.24.3.13 St.Veit/G., 19.-21.4.13 Fuerstenfeld"]
[Date "2013.04.21"]
[Round "7"]
[Board "2"]
[White "Bernhard, Julia"]
[Black "Stangl, Helga"]
[Result "1-0"]
[WhiteElo "1829"]
[BlackElo "1600"]
[PlyCount "45"]
[EventDate "2013.03.21"]
[EventType "team"]
[EventRounds "7"]
[EventCountry "AUT"]
[WhiteTeam "Spg Steyr"]
[BlackTeam "SV ASVOE St. Veit/Glan"]

1. e4 c5 2. Nf3 d6 3. Bb5+ Bd7 4. Bxd7+ Nxd7 5. O-O Ngf6 6. Re1 g6 7. c3 Bg7 8.
d4 cxd4 9. cxd4 O-O 10. Nc3 Re8 11. Bg5 e5 12. dxe5 Nxe5 13. Nd5 h6 14. Bxf6
Bxf6 15. Qb3 Nxf3+ 16. gxf3 b6 17. Rac1 Bh4 18. f4 Rf8 19. Qh3 g5 20. f5 h5 21.
f6 Rc8 22. Rxc8 Qxc8 23. Ne7+ 1-0